Steeds of war : (Record no. 615965)

000 -LEADER
fixed length control field 01346cam a22003615i 4500
001 - CONTROL NUMBER
control field 22907380
005 - DATE AND TIME OF LATEST TRANSACTION
control field 20260130144510.0
008 - FIXED-LENGTH DATA ELEMENTS--GENERAL INFORMATION
fixed length control field 221221t20222022pk bc b 001 0 eng
010 ## - LIBRARY OF CONGRESS CONTROL NUMBER
LC control number 2022310364
020 ## - INTERNATIONAL STANDARD BOOK NUMBER
International Standard Book Number 9789692341615
035 ## - SYSTEM CONTROL NUMBER
System control number 22907380
037 ## - SOURCE OF ACQUISITION
Source of stock number/acquisition Library of Congress -- Islamabad Overseas Office
040 ## - CATALOGING SOURCE
Original cataloging agency DLC
Language of cataloging eng
Description conventions rda
Transcribing agency DLC
042 ## - AUTHENTICATION CODE
Authentication code lcode
043 ## - GEOGRAPHIC AREA CODE
Geographic area code a-pk---
-- a-ii---
050 00 - LIBRARY OF CONGRESS CALL NUMBER
Classification number DS388
Item number .G48 2022+
082 ## - DEWEY DECIMAL CLASSIFICATION NUMBER
Classification number 954.92 GHU
100 1# - MAIN ENTRY--PERSONAL NAME
Personal name Ghumman, Israr Ahmad,
Relator term author.
9 (RLIN) 132988
245 10 - TITLE STATEMENT
Title Steeds of war :
Remainder of title battle of Chhamb 1971 Pakistan-India war /
Statement of responsibility, etc. Lieutenant General Israr Ahmad Ghumman (Retired).
264 #1 - PRODUCTION, PUBLICATION, DISTRIBUTION, MANUFACTURE, AND COPYRIGHT NOTICE
Place of production, publication, distribution, manufacture Islamabad :
Name of producer, publisher, distributor, manufacturer Lieutenant General Israr Ahmad Ghumman (Retired),
Date of production, publication, distribution, manufacture, or copyright notice 2022.
264 #4 - PRODUCTION, PUBLICATION, DISTRIBUTION, MANUFACTURE, AND COPYRIGHT NOTICE
Date of production, publication, distribution, manufacture, or copyright notice © 2022
300 ## - PHYSICAL DESCRIPTION
Extent xi, 463 pages, 1 unnumbered page :
Other physical details maps, portrait ;
Dimensions 26 cm
336 ## - CONTENT TYPE
Content type term text
Content type code txt
Source rdacontent
337 ## - MEDIA TYPE
Media type term unmediated
Media type code n
Source rdamedia
338 ## - CARRIER TYPE
Carrier type term volume
Carrier type code nc
Source rdacarrier
504 ## - BIBLIOGRAPHY, ETC. NOTE
Bibliography, etc. note Includes bibliographical references (pages 434 -440) and indexes.
610 10 - SUBJECT ADDED ENTRY--CORPORATE NAME
Corporate name or jurisdiction name as entry element Pakistan.
Subordinate unit Army.
-- 23 Division.
9 (RLIN) 132989
650 #0 - SUBJECT ADDED ENTRY--TOPICAL TERM
Topical term or geographic name entry element India-Pakistan Conflict, 1971.
650 #0 - SUBJECT ADDED ENTRY--TOPICAL TERM
Topical term or geographic name entry element India-Pakistan Conflict, 1971
General subdivision Regimental histories
Geographic subdivision Pakistan.
9 (RLIN) 132990
906 ## - LOCAL DATA ELEMENT F, LDF (RLIN)
a 7
b ibc
c origode
d 3
e ncip
f 20
g y-gencatlg
942 ## - ADDED ENTRY ELEMENTS (KOHA)
Source of classification or shelving scheme
Koha item type Book
Holdings
Withdrawn status Lost status Source of classification or shelving scheme Damaged status Not for loan Permanent Location Current Location Date acquired Shelving control number Total Checkouts Full call number Barcode Date last seen Price effective from Koha item type Shelving location
          College of Electrical & Mechanical Engineering (CEME) College of Electrical & Mechanical Engineering (CEME) 01/30/2026 History   954.92 GHU CEME- 50997 01/30/2026 01/30/2026 Book  
          College of Electrical & Mechanical Engineering (CEME) College of Electrical & Mechanical Engineering (CEME) 01/30/2026 History   954.92 GHU CEME- 50998 01/30/2026 01/30/2026 Book General Stacks
© 2023 Central Library, National University of Sciences and Technology. All Rights Reserved.